[Event "Cholet-G"]
[Site "Cholet"]
[Date "2012.02.21"]
[Round "4"]
[White "Maldonado, Marcos"]
[Black "Rouault, Michel"]
[Result "0-1"]
[WhiteElo "1499"]
[BlackElo "1600"]
[PlyCount "105"]
[EventDate "2012.02.18"]
[EventType "swiss"]
[EventRounds "7"]
[EventCountry "FRA"]
[SourceTitle "EXT 2013"]
[Source "ChessBase"]
[SourceDate "2012.11.22"]
[SourceVersion "1"]
[SourceVersionDate "2012.11.22"]
[SourceQuality "1"]

1. e4 c5 2. Nf3 Nc6 3. d4 cxd4 4. Nxd4 d6 5. Bc4 Nf6 6. Nc3 Qb6 7. Nb3 e6 8. Be3 Qc7 9. Nb5 Qb8 10. Nc3 Be7 11. f4 0-0 12. g4 a6 13. g5 Nd7 14. Nd4 Nxd4 15. Qxd4 b5 16. Bd3 Nc5 17. Bf1 Bb7 18. Bg2 Rd8 19. b4 Nd7 20. h4 Qc7 21. Bd2 Rac8 22. 0-0 Nb6 23. f5 e5 24. Qf2 d5 25. Nxd5 Nxd5 26. exd5 Bxd5 27. Bxd5 Rxd5 28. a3 Rcd8 29. Be3 Rc8 30. f6 Bf8 31. fxg7 Bxg7 32. Rac1 Qd7 33. Qf3 Rc3 34. Qe4 Rxa3 35. Rce1 Rc3 36. Rf2 Rc4 37. Qh1 Qg4+ 38. Qg2 Qxg2+ 39. Kxg2 Rxh4 40. Kg3 Rxb4 41. Ref1 Rd7 42. Ra1 Ra4 43. Rxa4 bxa4 44. c4 Rd3 45. Kf3 Rc3 46. c5 Bf8 47. Ke4 Bxc5 48. Bxc5 Rxc5 49. Ra2 Ra5 50. Kf5 Kg7 51. Ra3 e4+ 52. Kxe4 Rxg5 53. Rxa4 0-1

[Event "Cholet-G"]
[Site "Cholet"]
[Date "2012.02.18"]
[Round "1"]
[White "Morvan, Claude"]
[Black "Rouault, Michel"]
[Result "0-1"]
[WhiteElo "1499"]
[BlackElo "1600"]
[PlyCount "54"]
[EventDate "2012.02.18"]
[EventType "swiss"]
[EventRounds "7"]
[EventCountry "FRA"]
[SourceTitle "EXT 2013"]
[Source "ChessBase"]
[SourceDate "2012.11.22"]
[SourceVersion "1"]
[SourceVersionDate "2012.11.22"]
[SourceQuality "1"]

1. e4 c5 2. Nc3 Nc6 3. Nf3 d6 4. d4 cxd4 5. Nxd4 Nf6 6. Be2 e5 7. Nxc6 bxc6 8. 0-0 Be7 9. Be3 0-0 10. f4 a5 11. fxe5 dxe5 12. Qxd8 Rxd8 13. a3 Rb8 14. b3 Ng4 15. Bxg4 Bxg4 16. h3 Be6 17. Rf3 Rb7 18. Ne2 Rbd7 19. Rff1 c5 20. Ng3 c4 21. b4 axb4 22. axb4 Bxb4 23. Rab1 Bc3 24. Nf5 g6 25. Nh6+ Kg7 26. Rbd1 Rxd1 27. Bg5 Bd4+ 0-1

[Event "Pays de Loire-chT"]
[Site "Cholet"]
[Date "2009.??.??"]
[Round "2"]
[White "Rouault, Michel"]
[Black "Le Roch, Daniel"]
[Result "0-1"]
[WhiteElo "1499"]
[BlackElo "1881"]
[PlyCount "108"]
[EventDate "2009.06.??"]
[EventType "team-tourn"]
[EventRounds "6"]
[EventCountry "FRA"]
[SourceTitle "EXT 2010"]
[Source "ChessBase"]
[SourceDate "2010.11.25"]
[SourceVersion "1"]
[SourceVersionDate "2010.11.25"]
[SourceQuality "1"]

1. d4 d5 2. c4 e6 3. Nc3 Be7 4. Nf3 Nf6 5. Bg5 0-0 6. e3 b6 7. Rc1 Bb7 8. Bxf6 Bxf6 9. cxd5 exd5 10. Be2 c5 11. dxc5 bxc5 12. 0-0 d4 13. exd4 cxd4 14. Nb5 Nc6 15. Qa4 d3 16. Rfd1 Bxb2 17. Rxd3 Qa5 18. Qxa5 Nxa5 19. Rb1 Bf6 20. Rd7 Be4 21. Re1 a6 22. Nd6 Bc6 23. Rc7 Bd8 24. Rxc6 Nxc6 25. Bc4 Bf6 26. Ne4 Rfe8 27. Nxf6+ gxf6 28. Rxe8+ Rxe8 29. Bxa6 Ne5 30. Nxe5 fxe5 31. Kf1 f5 32. Ke2 Kf7 33. a4 Ke6 34. Bc4+ Kd6 35. Ke3 Kc5 36. Bb5 Rd8 37. g3 Rd4 38. f3 Rb4 39. h4 f4+ 40. gxf4 exf4+ 41. Kf2 Rxb5 42. axb5 Kxb5 43. Kg2 h5 44. Kf2 Kc4 45. Ke2 Kc3 46. Ke1 Kd3 47. Kf2 Kd2 48. Kf1 Ke3 49. Kg2 Ke2 50. Kg1 Kxf3 51. Kf1 Kg4 52. Kf2 f3 53. Kg1 Kg3 54. Kf1 f2 0-1